| 000 | 00358nam a2200145Ia 4500 | ||
|---|---|---|---|
| 008 | 230917s9999||||xx |||||||||||||| ||und|| | ||
| 040 |
_e48909 _aMAIN |
||
| 041 | _aEnglish | ||
| 082 | _a823.7 D44H:C | ||
| 100 | _aHardy, Barbara, ed | ||
| 245 | 0 | _aCritical essays on George Eliot | |
| 260 |
_aLondon _bRoutledge _c1970 |
||
| 300 | _axi, 218 p. | ||
| 942 | _cBK | ||
| 999 |
_c66818 _d66818 |
||